书目信息 |
| 题名: |
中国现代教育史
|
|
| 作者: | 高奇 主编 | |
| 分册: | ||
| 出版信息: | 北京 北京师范大学出版社 1985 |
|
| 页数: | 352页 | |
| 开本: | 20cm | |
| 丛书名: | ||
| 单 册: | ||
| 中图分类: | G529.6 | |
| 科图分类: | ||
| 主题词: | 教育史--中国--现代 | |
| 电子资源: | ||
| ISBN: | ||
| 000 | 00636nam0 2200241 45 | |
| 001 | 0185003370 | |
| 005 | 20040424153729.3 | |
| 010 | @dCNY2.30 | |
| 091 | @a7243.325 | |
| 100 | @a19900816d1985 emky0chiy0121 ea | |
| 101 | 0 | @achi |
| 102 | @aCN@b110000 | |
| 105 | @ay z 000yy | |
| 106 | @ar | |
| 200 | 10 | @a中国现代教育史@Azhong guo xian dai jiao yu shi@f高奇主编 |
| 210 | @a北京@c北京师范大学出版社@d1985 | |
| 215 | @a352页@d20cm | |
| 606 | @a教育史@y中国@z现代 | |
| 690 | @aG529.6@v3 | |
| 701 | 0 | @a高奇@Agao qi@4主编 |
| 801 | 0 | @aCN@b深圳图书馆@c20040424 |
| 801 | 2 | @aCN@bNLC@c20040424 |
| 905 | @f4@b149117-120@dG529.6@e10 | |
| 中国现代教育史/高奇主编.-北京:北京师范大学出版社,1985 |
| 352页;20cm |
| ISBN :CNY2.30 |
| ● |
| 相关链接 |
|
|
|
|
正题名:中国现代教育史
索取号:G529.6/10
 
预约/预借
| 序号 | 登录号 | 条形码 | 馆藏地/架位号 | 状态 | 备注 |
| 1 | 0149117 | 000467033 | 密集书库/ [索取号:G529.6/10] | 在馆 | |
| 2 | 0149118 | 000462546 | 密集书库/ [索取号:G529.6/10] | 在馆 | |
| 3 | 0149119 | 000462582 | 第四借阅区/ [索取号:G529.6/10] | 在馆 | |
| 4 | 0149120 | 000467024 | 第四借阅区/ [索取号:G529.6/10] | 在馆 | |
| 5 | 0149121 | 002059248 | 第一样本阅览室/ [索取号:G529.6/10] | 在馆 |